Trabajo social en el siglo XXI Desafo̕s para la formacin̤ acadm̌ica y profesional /

Detalles Bibliográficos
Autor principal: Nieto Morales, Concepcin̤
Formato: eBook
Lenguaje:español
Publicado: Madrid: Dykinson, 2018
Materias:
Acceso en línea:Acceso restringido

MARC

LEADER 00000nam a22000007a 4500
005 2018110206386.0
007 cr|||| ||||
008 181102s2018 es |||||s|||| 00||0 spa d
020 |a 978-84-9148-669-5 
035 |a 22330 
040 |a vLex 
090 |c 8278  |d 8278 
100 1 |a Nieto Morales, Concepcin̤ 
245 1 0 |a Trabajo social en el siglo XXI  |h [Recurso electrn̤ico] :  |b Desafo̕s para la formacin̤ acadm̌ica y profesional /  |c Concepcin̤ Nieto Morales 
256 |a Servicio en ln̕ea 
260 |a Madrid:  |b Dykinson,  |c 2018 
300 |a 1 recurso electrn̤ico 
500 |a El libro que tienes en tus manos o en la pantalla de cualquier dispositivo tecnolg̤ico, es fruto del esfuerzo realizado por un grupo de profesores con la colaboracin̤ de otros profesionales en diferentes universidades y centros de estudios de veinticinco pas̕es. Su tt̕ulo es ya de por s ̕revelador: Trabajo Social en el Siglo XXI. Llama la atencin̤ la coordinacin̤ que han realizado las profesoras Concepcin̤ Nieto-Morales y Mn̤ica Solange De Martino Bermd︢ez para lograr que los lectores/as conozcamos no solo los planes de estudios de Trabajo Social en cada uno de los pas̕es que aparecen, sino adems̀ el perfil del estudiantado y la identificacin̤ y reflexin̤ sobre los desafo̕s que el siglo XXI coloca a la enseąnza de la profesin̤, adems̀ de otros elementos. Ser trabajador/a social en estos tiempos requiere de una concienciacin̤ previa antes de iniciar el largo camino que se inicia con la formacin̤ acadm̌ica y termina con el trabajo diario vinculado a personas que necesitan ayudan; necesitan que les ayudemos a conquistar sus derechos. Hay algo ms̀. Los problemas sociales a lo largo de los aǫs parecen no cambiar de nombre: sin hogar; toxicm̤anos, menores….…pero debemos saber que la dinm̀ica interna de estos grupos marginados si va evolucionando con el tiempo. Hay que actuar conforme a las situaciones de hoy, con esquemas de hoy, si no es as ̕la esencia del trabajo social desaparecer.̀ 
506 1 |a Disponible solo en los productos indicados  |d vLex Global  |d vLex Global (Academic Edition, excluding Law Schools)  |d vLex Global (U.S. Academic Edition, Law Schools)  |d vLex Global (U.S. Academic Edition, excluding Law Schools)  |d vLex Global (Academic Edition, Law Schools) 
650 0 4 |a Ciencias sociales  |z Espaą 
650 0 4 |a Trabajo social  |z Espaą 
740 0 |a vLex Libros (Servicio en ln̕ea) 
856 4 0 |u http://vlex.com/source/trabajo-social-en-el-siglo-xxi-desafios-para-la-formacion-academica-y-profesional-22330  |z Acceso restringido 
942 |c BOOK 
999 0 |a Social Sciences 
999 0 |a Social work